Δαβάκης - Πίνδος
Saved in:
| Main Author: | |
|---|---|
| Format: | Book |
| Language: | Greek |
| Published: |
Αθήναι :
Δημητράκος,
[1946]
|
| Edition: | 2η έκδ. |
| Subjects: | |
| Tags: |
Add Tag
No Tags, Be the first to tag this record!
|
MARC
| LEADER | 00000cam a2200000 i 4500 | ||
|---|---|---|---|
| 001 | 1/88205 | ||
| 008 | 080609s1946 gr | ||| |||| ||gre|| | ||
| 035 | |l 10098058 | ||
| 040 | |a GR-MY-UA |b gre |e aacr | ||
| 041 | 0 | |a gre | |
| 082 | 0 | |a 938.752 | |
| 100 | 1 | |a Βερνάρδος, Ι. Α. | |
| 245 | 1 | 0 | |a Δαβάκης - Πίνδος / |c Ι. Α. Βερνάρδου |
| 250 | |a 2η έκδ. | ||
| 260 | |a Αθήναι : |b Δημητράκος, |c [1946] | ||
| 300 | |a 376 σ.; |b φωτ.; |c 24 εκ. | ||
| 500 | |a "Λεπτομερής περιγραφή της μάχης της Πίνδου και της κατ' αυτήν δράσεως του συνταγματάρχου Κ. Δαβάκη μετά συνοπτικής εξιστορήσεως του πολέμου 1940-1941 επί τη βάσει των επισήμων εκθέσεων πεπραγμένων και πλείστων άλλων αυθεντικών στοιχείων | ||
| 600 | 1 | 0 | |a Δαβάκης, Κωνσταντίνος, |d 1897-1942. |
| 852 | |a INST |b RHODES |c AKA |e 20080609 |h 938.752 ΒΕΡ |p 005400027890 |q 005400027890 |t BK |y 0 | ||
| 901 | |a BIBL4-2008-2 | ||
| 909 | |a Ρ |b 150535 | ||
| 970 | |a ΧΑΡΙΟΠΟΛΙΤΟΥ |b ΚΩΝΣΤΑΝΤΙΝΑ |z 2008/06/09 | ||